• 首页
  • 本馆介绍
  • 公告通知
  • 最新文献
  • 馆藏检索
  • 电子资源
  • 读者导购
  • 参考咨询
  • 我的图书馆
  • 登录
  • 详细信息显示
  • 放入我的书架
  • 预约/预借图书
  • 作者相关作品
  • 分类相关作品
  • 丛书相关作品
  • 出版社相关作品

书目信息

  • 表格格式
  • 工作单格式
  • 卡片格式
题名:
毕加索传
    
 
作者: 理查德森 著 ;阳露 译
分册: 卷二  
出版信息: 杭州   浙江大学出版社  2017
页数: 612页
开本: 26cm
丛书名:
单 册:
中图分类: K835.515.72=534 , K835.515.72
科图分类:
主题词: 画家--传记--西班牙--现代
电子资源:
ISBN: 978-7-308-14749-1
000 01258nam0 2200289 450
001 3685
005 20180528110635.49
010    @a978-7-308-14749-1@b精装@dCNY108.00
100    @a20170905d2017 em y0chiy50 ea
101 1  @achi@ceng
102    @aCN@b330000
105    @aa z 001yb
200 1  @a毕加索传@9bi jia suo zhuan@h卷二@e1907-1916@f(英)约翰·理查德森著@g阳露译
210    @a杭州@c浙江大学出版社@d2017
215    @a612页@c图,照片@d26cm
300    @a启真·艺术家
304    @a英文共同题名:A life of Picasso
312    @a书名原文:A life of Picasso. Volume II, 1907-1916
330    @a本书描述的是毕加索艺术的玫瑰时期,1907-1916年,是毕加索个人艺术历程中的重大转折期。他在1907年创作的《亚维农少女》引发了立体主义运动的诞生。作者在此卷描述的毕加索技巧高超,视野宏大,幽默辛辣。从未有这样一个生动的毕加索跃然纸上,他不仅是一位艺术的革命家,他的天才之处也在这一时期闪现无疑。本书中含有756幅图片,弥足珍贵。
510 1  @aLife of Picasso@hVolume II@e1907-1916@zeng
606 0  @a画家@x传记@y西班牙@z现代
690    @aK835.515.72=534@v5
690    @aK835.515.72@v4
701  0 @c(英)@a理查德森@9li cha de sen@c(Richardson, Tim)@4著
702  0 @a阳露@9yang lu@4译
801  0 @aCN@b91MARC@c20170905
905    @aMuseLib@dK835.515.72@e832:2
    
    毕加索传.卷二:1907-1916/(英)约翰·理查德森著/阳露译.-杭州:浙江大学出版社,2017
    612页:图,照片;26cm
    启真·艺术家
    
    ISBN 978-7-308-14749-1(精装):CNY108.00
    本书描述的是毕加索艺术的玫瑰时期,1907-1916年,是毕加索个人艺术历程中的重大转折期。他在1907年创作的《亚维农少女》引发了立体主义运动的诞生。作者在此卷描述的毕加索技巧高超,视野宏大,幽默辛辣。从未有这样一个生动的毕加索跃然纸上,他不仅是一位艺术的革命家,他的天才之处也在这一时期闪现无疑。本书中含有756幅图片,弥足珍贵。
●
相关链接 在E读中查询图书 在五车中查询图书 在当当中查询图书 在豆瓣中查询图书


正题名:毕加索传     索取号:K835.515.72/832:2         预约/预借

序号 登录号 条形码 馆藏地/架位号 状态 备注
1 1110208   211102082   第二样本阅览室/ [索取号:K835.515.72/832:2] 在馆    
2 1110209   211102091   教育系资料室/ [索取号:K835.515.72/832:2] 在馆    
3 1110210   211102108   教育系资料室/ [索取号:K835.515.72/832:2] 在馆    
4 1110211   211102117   第二借阅区/ [索取号:K835.515.72/832:2] 在馆    
唐山师范学院图书馆 欢迎您!
大连网信软件有限公司© 版权所有